• 首页
  • 本馆介绍
  • 公告通知
  • 最新文献
  • 馆藏检索
  • 电子资源
  • 读者导购
  • 参考咨询
  • 我的图书馆
  • 登录
  • 详细信息显示
  • 放入我的书架
  • 预约/预借图书
  • 作者相关作品
  • 分类相关作品
  • 丛书相关作品
  • 出版社相关作品

书目信息

  • 表格格式
  • 工作单格式
  • 卡片格式
题名:
历史文献学论集
    
 
作者: 刘韶军 , 周国林 主编 ;华中师范大学历史文献研究所 编
分册:  
出版信息: 武汉   崇文书局  2003
页数: 685页
开本: 26cm
丛书名: 崇文学术文库
单 册:
中图分类: G257.35-53
科图分类:
主题词: 史籍--文献学--文集
电子资源:
ISBN: 7-5403-0651-3
000 00993oam2 2200277 45
001 010034032172
005 20051205170325.78
010    @a7-5403-0651-3@dCNY60.00
092    @aCN
100    @a20040517d2003 em y0chiy0110 ea
101 0  @achi
102    @aCN@b420000
105    @ay z 000yy
200 1  @a历史文献学论集@Ali shi wen xian xue lun ji@f周国林,刘韶军主编@FZhou Guo Lin,Liu Shao Jun Zhu Bian@g华中师范大学历史文献研究所编
210    @a武汉@c崇文书局@d2003
215    @a685页@d26cm
225 2  @a崇文学术文库
330    @a本书包括关于文献学研究的几个问题;张舜微先生的文献学成就;张舜微史学的总结性特征;考据学的回顾与前瞻;汉字、文献与数码信息等内容。
410    @12001 @a崇文学术文库
606 0  @a史籍@x文献学@x文集
690    @aG257.35-53@v4
701  0 @a刘韶军@4主编
701  0 @a周国林@4主编
712 02 @a华中师范大学历史文献研究所@Ahua zhong shi fan da xue li shi wen xian yan jiu suo@4编
801  0 @aCN@bRENTIAN@c20051205
905    @a10447@dG257.35-53@e33
    
    历史文献学论集/周国林,刘韶军主编/华中师范大学历史文献研究所编.-武汉:崇文书局,2003
    685页;26cm.-(崇文学术文库)
    
    
    ISBN 7-5403-0651-3:CNY60.00
    本书包括关于文献学研究的几个问题;张舜微先生的文献学成就;张舜微史学的总结性特征;考据学的回顾与前瞻;汉字、文献与数码信息等内容。
●
相关链接 在E读中查询图书 在五车中查询图书 在当当中查询图书 在豆瓣中查询图书


正题名:历史文献学论集     索取号:G257.35-53/33         预约/预借

序号 登录号 条形码 馆藏地/架位号 状态 备注
1 0348404   203484041   第四借阅区/ [索取号:G257.35-53/33] 在馆    
2 0348405   203484050   密集书库/ [索取号:G257.35-53/33] 在馆    
3 0370263   203702635   第四借阅区/ [索取号:G257.35-53/33] 在馆    
4 0370264   203702644   第四借阅区/ [索取号:G257.35-53/33] 在馆    
5 0370265   203702653   第四借阅区/ [索取号:G257.35-53/33] 在馆    
6 0370266   203702662   密集书库/ [索取号:G257.35-53/33] 在馆    
7 0370267   203702671   密集书库/ [索取号:G257.35-53/33] 在馆    
欢迎您!
大连网信软件有限公司© 版权所有